Classement FIFA: les 20 meilleures nations (22/12/2025) - Statistiques

Statistiques générales
  • Ce quiz a été pris 111 fois
  • Le résultat moyen est 18 sur 20
Statistiques - réponses
Classement Confédération Nation % Correct
3 UEFA France
100%
2 CONMEBOL Argentine
99%
1 UEFA Espagne
99%
5 CONMEBOL Brésil
98%
6 UEFA Portugal
98%
9 UEFA Allemagne
97%
11 CAF Maroc
97%
4 UEFA Angleterre
96%
13 CONMEBOL Colombie
92%
12 UEFA Italie
92%
16 CONMEBOL Uruguay
91%
8 UEFA Belgique
90%
18 AFC Japon
86%
7 UEFA Pays-Bas
85%
19 CAF Sénégal
85%
10 UEFA Croatie
83%
15 CONCACAF Mexique
82%
14 CONCACAF États-Unis
80%
17 UEFA Suisse
80%
20 AFC Iran
49%
Aucun quiz correspondant
Distribution des résultats
% des personnes avec chaque résultat
Percentile par nombre de réponses
Votre historique - résultats
Vous n’avez pas pris ce quiz